Statistics for Forza Franchise

Click here to take the quiz!

General Stats

  • This quiz has been taken 38 times
  • The average score is 10 of 11

Answer Stats

TypeYearNameInfo% Correct
Video Game2005Forza MotorsportMicrosoft Game Studios
97%
Video Game2012Forza HorizonMicrosoft Studios
94%
Video Game2018Forza Horizon 4Microsoft Studios
94%
Video Game2007Forza Motorsport 2Microsoft Game Studios
94%
Video Game2011Forza Motorsport 4Microsoft Studios
94%
Video Game2017Forza Motorsport 7Microsoft Studios
94%
Video Game2014Forza Horizon 2Microsoft Studios
91%
Video Game2016Forza Horizon 3Microsoft Studios
91%
Video Game2009Forza Motorsport 3Microsoft Game Studios
91%
Video Game2013Forza Motorsport 5Microsoft Studios
91%
Video Game2015Forza Motorsport 6Microsoft Studios
91%

Score Distribution

Percentile by Number Answered

Percent of People with Each Score

Your Score History

You have not taken this quiz